[Event "FRM-chT"]
[Site "Struga"]
[Date "2018.08.13"]
[Round "3.3"]
[White "Jovchev, Riste"]
[Black "Stanojoski, Zvonko"]
[Result "1/2-1/2"]
[WhiteElo "1711"]
[BlackElo "2451"]
[PlyCount "109"]
[EventDate "2018.08.11"]
[EventType "team-tourn"]
[EventRounds "7"]
[EventCountry "MKD"]
[SourceTitle "CBM 186 Extra"]
[Source "ChessBase"]
[SourceDate "2018.08.24"]
[SourceVersion "1"]
[SourceVersionDate "2018.08.24"]
[SourceQuality "1"]
[WhiteTeam "Skopje MSK Centar"]
[BlackTeam "Skopje Alkaloid"]
[WhiteTeamCountry "MKD"]
[BlackTeamCountry "MKD"]

1. e4 c5 2. Nf3 a6 3. d4 cxd4 4. Nxd4 Nf6 5. Nc3 e5 6. Nb3 Bb4 7. Bd3 d5 8. exd5 e4 9. Be2 Nxd5 10. Qd4 0-0 11. 0-0 Bxc3 12. bxc3 Nc6 13. Qc5 Nf6 14. Bg5 Re8 15. Rad1 Qe7 16. Rd6 Be6 17. Rfd1 h6 18. Bxf6 Qxf6 19. Bg4 Rac8 20. Bxe6 Rxe6 21. Rxe6 Qxe6 22. Rd6 Rd8 23. Rxd8+ Nxd8 24. h3 Nc6 25. Qb6 Qe7 26. Nc5 e3 27. Nd3 exf2+ 28. Kxf2 g6 29. Kg1 h5 30. c4 Nd8 31. Nf4 Ne6 32. Nxe6 fxe6 33. c5 Qd7 34. Qb3 Qd4+ 35. Kh2 Qe5+ 36. Kh1 Qd5 37. Qg3 Kf7 38. Qf4+ Ke8 39. Qc7 Qc6 40. Qg7 Qe4 41. c3 a5 42. a4 h4 43. Qh8+ Kd7 44. Qf8 Qe1+ 45. Kh2 Qe5+ 46. Kh1 g5 47. Qa8 Qe1+ 48. Kh2 Qe5+ 49. Kh1 Qe4 50. Qxa5 g4 51. Qb5+ Kc7 52. hxg4 Qe1+ 53. Kh2 Qg3+ 54. Kh1 Qe1+ 55. Kh2 1/2-1/2

[Event "FRM-chT"]
[Site "Struga"]
[Date "2018.08.12"]
[Round "2.3"]
[White "Atanasov, K Sande"]
[Black "Jovchev, Riste"]
[Result "0-1"]
[WhiteElo "1996"]
[BlackElo "1711"]
[PlyCount "86"]
[EventDate "2018.08.11"]
[EventType "team-tourn"]
[EventRounds "7"]
[EventCountry "MKD"]
[SourceTitle "CBM 186 Extra"]
[Source "ChessBase"]
[SourceDate "2018.08.24"]
[SourceVersion "1"]
[SourceVersionDate "2018.08.24"]
[SourceQuality "1"]
[WhiteTeam "Bitola Noemvri"]
[BlackTeam "Skopje MSK Centar"]
[WhiteTeamCountry "MKD"]
[BlackTeamCountry "MKD"]

1. e4 c5 2. Nf3 d6 3. Nc3 Nf6 4. Bb5+ Bd7 5. Bxd7+ Qxd7 6. 0-0 e6 7. e5 dxe5 8. Nxe5 Qc7 9. Re1 a6 10. d3 Bd6 11. Nf3 0-0 12. h3 h6 13. Qe2 Nc6 14. Ne4 Be7 15. Nxf6+ Bxf6 16. c3 Rfd8 17. Be3 Qa5 18. Nd2 Qb5 19. Ne4 Be7 20. c4 Qa5 21. Bd2 Qc7 22. Bc3 Nd4 23. Bxd4 Rxd4 24. Nc3 Qd6 25. Qf3 Qd7 26. Rad1 Rd8 27. g3 b6 28. a4 Bf6 29. Ne4 Be7 30. Nc3 Rxd3 31. Rxd3 Qxd3 32. Qxd3 Rxd3 33. Rd1 Rxd1+ 34. Nxd1 Bf6 35. Kf1 Bd4 36. f3 f5 37. Ke2 a5 38. Kd3 Kf7 39. Ke2 e5 40. Kd3 Kf6 41. g4 Kg5 42. h4+ Kxh4 43. gxf5 Kg3 0-1

[Event "FRM-ch U18"]
[Site "Struga"]
[Date "2018.06.18"]
[Round "6"]
[White "Mihov, Filip"]
[Black "Jovchev, Riste"]
[Result "0-1"]
[WhiteElo "2193"]
[BlackElo "1705"]
[PlyCount "94"]
[EventDate "2018.06.14"]
[EventType "tourn"]
[EventRounds "6"]
[EventCountry "MKD"]
[SourceTitle "CBM 185 Extra"]
[Source "ChessBase"]
[SourceDate "2018.07.29"]
[SourceVersion "1"]
[SourceVersionDate "2018.07.29"]
[SourceQuality "1"]

1. d4 d5 2. c4 e6 3. Nc3 Nf6 4. cxd5 exd5 5. Bg5 Be7 6. e3 0-0 7. Bd3 c6 8. Qc2 Nbd7 9. Nf3 Re8 10. h3 Nf8 11. Bf4 Ne6 12. Be5 g6 13. 0-0-0 Ng7 14. g4 Be6 15. Kb1 Rc8 16. Rc1 Qa5 17. Nd2 Nd7 18. Bxg7 Kxg7 19. f4 Nf8 20. f5 Bd7 21. h4 Bb4 22. e4 Bxc3 23. bxc3 c5 24. Nb3 Qb6 25. dxc5 Rxc5 26. fxg6 fxg6 27. h5 dxe4 28. Bxe4 Bxg4 29. h6+ Kg8 30. Ka1 Rce5 31. Nd2 Be6 32. Rb1 Rb5 33. Rxb5 Qxb5 34. Rb1 Qe2 35. Rxb7 Rd8 36. Rb2 Rxd2 37. Qxd2 Qxe4 38. Rb8 Qd5 39. Qf2 Bf5 40. Qe1 Qe4 41. Qf1 Kf7 42. Qg1 Kg8 43. Qf1 Kf7 44. Qg1 Qc2 45. Qxa7+ Nd7 46. a4 Qc1+ 47. Ka2 Be6+ 0-1

[Event "FRM-ch U18"]
[Site "Struga"]
[Date "2018.06.17"]
[Round "5"]
[White "Jovchev, Riste"]
[Black "Manova, Ivana"]
[Result "0-1"]
[WhiteElo "1705"]
[BlackElo "1697"]
[PlyCount "76"]
[EventDate "2018.06.14"]
[EventType "tourn"]
[EventRounds "6"]
[EventCountry "MKD"]
[SourceTitle "CBM 185 Extra"]
[Source "ChessBase"]
[SourceDate "2018.07.29"]
[SourceVersion "1"]
[SourceVersionDate "2018.07.29"]
[SourceQuality "1"]

1. e4 e5 2. Nf3 Nc6 3. Bb5 a6 4. Ba4 Nf6 5. 0-0 b5 6. Bb3 Be7 7. d3 0-0 8. a4 Bb7 9. Nc3 b4 10. Nd5 Nxd5 11. Bxd5 d6 12. a5 Nxa5 13. Rxa5 c6 14. Ra4 cxd5 15. Rxb4 Qc7 16. exd5 Bxd5 17. Be3 Rfc8 18. c4 Bc6 19. Rb6 Rcb8 20. Qb3 Rxb6 21. Qxb6 Qxb6 22. Bxb6 Rb8 23. Be3 Rxb2 24. Ra1 g6 25. Nd2 Bb7 26. Rb1 Rxb1+ 27. Nxb1 d5 28. cxd5 Bxd5 29. Nc3 Bc6 30. Kf1 f5 31. d4 exd4 32. Bxd4 Kf7 33. g3 Bf6 34. Bxf6 Kxf6 35. Ke2 Kg5 36. h3 f4 37. Kd3 fxg3 38. fxg3 Bg2 0-1

[Event "FRM-ch U18"]
[Site "Struga"]
[Date "2017.06.14"]
[Round "9"]
[White "Jovchev, Riste"]
[Black "Mihov, Filip"]
[Result "1/2-1/2"]
[WhiteElo "1810"]
[BlackElo "2142"]
[PlyCount "105"]
[EventDate "2017.06.10"]
[EventType "tourn"]
[EventRounds "10"]
[EventCountry "MKD"]
[SourceTitle "EXT 2018"]
[Source "ChessBase"]
[SourceDate "2017.10.13"]
[SourceVersion "1"]
[SourceVersionDate "2017.10.13"]
[SourceQuality "1"]

1. e4 e6 2. d4 d5 3. exd5 exd5 4. Bd3 Nc6 5. c3 Bd6 6. Ne2 Nge7 7. 0-0 Bg4 8. Qc2 Qd7 9. f3 Bf5 10. Bf4 0-0-0 11. a4 Rde8 12. Na3 Bxd3 13. Qxd3 Qf5 14. Qd2 Bxa3 15. Rxa3 Ng6 16. Bg3 Na5 17. b3 Re6 18. c4 dxc4 19. d5 Nxb3 20. Rxb3 Rxe2 21. Qa5 Nf4 22. Rb5 Rxg2+ 23. Kh1 Rxg3 24. d6 Qd7 25. Qxa7 Qxd6 26. Qxb7+ Kd7 27. hxg3 Qh6+ 28. Kg1 Ne6 29. Rd1+ Ke7 30. Re1 Kf6 31. Qd5 Rc8 32. Qd7 Rf8 33. g4 Qh4 34. Rf5+ Kg6 35. Rxe6+ f6 36. Re7 Qg3+ 37. Kf1 Qh3+ 38. Kf2 Qh2+ 39. Ke3 Qg1+ 40. Ke2 Qg2+ 41. Ke1 Qg1+ 42. Ke2 Qg2+ 43. Ke1 Qg1+ 44. Kd2 c3+ 45. Kxc3 Qc1+ 46. Kd3 Qd1+ 47. Ke3 Qe1+ 48. Kf4 Qc1+ 49. Kg3 Qg1+ 50. Kh3 Qh1+ 51. Kg3 Qg1+ 52. Kh3 Qf1+ 53. Kg3 1/2-1/2

[Event "FRM-ch U18"]
[Site "Struga"]
[Date "2017.06.11"]
[Round "2"]
[White "Maneski, David"]
[Black "Jovchev, Riste"]
[Result "1-0"]
[WhiteElo "1826"]
[BlackElo "1810"]
[PlyCount "93"]
[EventDate "2017.06.10"]
[EventType "tourn"]
[EventRounds "10"]
[EventCountry "MKD"]
[SourceTitle "EXT 2018"]
[Source "ChessBase"]
[SourceDate "2017.10.13"]
[SourceVersion "1"]
[SourceVersionDate "2017.10.13"]
[SourceQuality "1"]

1. e4 c5 2. Nf3 d6 3. d4 cxd4 4. Nxd4 Nf6 5. Nc3 a6 6. Be2 e5 7. Nb3 Be6 8. Bf3 Be7 9. a4 b6 10. 0-0 0-0 11. Re1 Nbd7 12. Nd2 Qc7 13. Nf1 Rfc8 14. Ne3 Rab8 15. Re2 Qb7 16. Rd2 Rxc3 17. bxc3 Nxe4 18. Bxe4 Qxe4 19. Ba3 Nc5 20. Bxc5 dxc5 21. Nd5 Bf8 22. Nc7 Bc8 23. f3 Qc6 24. Nd5 c4 25. Ne7+ Bxe7 26. Rd8+ Bf8 27. Rxf8+ Kxf8 28. Qd8+ Qe8 29. Qd6+ Qe7 30. Qxb8 Qc5+ 31. Kh1 f6 32. Rb1 b5 33. axb5 axb5 34. Rxb5 Qc6 35. Rb6 Qd7 36. Qd6+ Qxd6 37. Rxd6 Ke7 38. Rc6 Be6 39. Rc7+ Kf8 40. Kg1 Bf7 41. Kf2 g6 42. Ke3 Ke8 43. f4 exf4+ 44. Kxf4 h5 45. Ke4 h4 46. Kd4 f5 47. Ke5 1-0

[Event "Ohrid Lasker U18 op"]
[Site "Ohrid"]
[Date "2016.10.10"]
[Round "5"]
[White "Jordanov, Mihail"]
[Black "Jovchev, Riste"]
[Result "0-1"]
[WhiteElo "1678"]
[BlackElo "1768"]
[PlyCount "116"]
[EventDate "2016.10.08"]
[EventType "swiss"]
[EventRounds "7"]
[EventCountry "MKD"]
[SourceTitle "CBM 175 Extra"]
[Source "ChessBase"]
[SourceDate "2016.12.12"]
[SourceVersion "1"]
[SourceVersionDate "2016.12.12"]
[SourceQuality "1"]

1. e4 e5 2. Nf3 Nc6 3. Bc4 Bc5 4. Nc3 Nf6 5. d3 h6 6. Be3 Bb6 7. Qd2 d6 8. h3 Be6 9. Bb3 Qd7 10. 0-0-0 Bxb3 11. axb3 Ba5 12. g4 0-0-0 13. Nh4 Nd4 14. Nf5 Nxf5 15. gxf5 d5 16. exd5 Qxf5 17. Rhg1 g5 18. h4 Nxd5 19. hxg5 Nxe3 20. Qxe3 Bb6 21. Qd2 Qxf2 22. Rgf1 Qxd2+ 23. Kxd2 hxg5 24. Rxf7 Rh2+ 25. Ke1 g4 26. Ne2 Rh1+ 27. Kd2 Be3+ 28. Kxe3 Rxd1 29. Rg7 Rb1 30. Rxg4 Rxb2 31. Kd2 Ra2 32. Re4 Re8 33. d4 Kd7 34. dxe5 Ra5 35. Rd4+ Kc6 36. Rc4+ Kb6 37. Nc3 c6 38. Na4+ Kc7 39. Nc5 Rxe5 40. Nd3 Rad5 41. Kc3 Re7 42. Nf4 Rf5 43. Kd3 b5 44. Rd4 Rd7 45. Ne6+ Kc8 46. Ke4 Rxd4+ 47. Nxd4 Rf6 48. Ke5 Rh6 49. Nf5 Rh5 50. Ke4 Kc7 51. Nd4 Rh3 52. Ne6+ Kb6 53. Kd4 a5 54. Ng5 c5+ 55. Ke4 Rc3 56. Nf3 Rxf3 57. Kxf3 a4 58. bxa4 bxa4 0-1

[Event "Ohrid Lasker U18 op"]
[Site "Ohrid"]
[Date "2016.10.08"]
[Round "2"]
[White "Jovchev, Riste"]
[Black "Danchevski, Gorast"]
[Result "1-0"]
[WhiteElo "1768"]
[BlackElo "1469"]
[PlyCount "79"]
[EventDate "2016.10.08"]
[EventType "swiss"]
[EventRounds "7"]
[EventCountry "MKD"]
[SourceTitle "CBM 175 Extra"]
[Source "ChessBase"]
[SourceDate "2016.12.12"]
[SourceVersion "1"]
[SourceVersionDate "2016.12.12"]
[SourceQuality "1"]

1. e4 e5 2. Nf3 Nc6 3. Bb5 a6 4. Ba4 Nf6 5. 0-0 b5 6. Bb3 Be7 7. Re1 d6 8. c3 0-0 9. h3 Na5 10. Bc2 c5 11. d4 Qc7 12. d5 c4 13. Nbd2 Nb7 14. Nf1 Re8 15. Ng3 Bf8 16. Bg5 Qd8 17. Nh2 h6 18. Be3 g6 19. Rf1 Bg7 20. Qd2 Kh7 21. Rae1 Qc7 22. f4 exf4 23. Rxf4 Nc5 24. Bd4 Ng8 25. Bxg7 Kxg7 26. Ngf1 Nd7 27. Ng4 h5 28. Nge3 Ne5 29. Ng3 Qe7 30. Ref1 Qg5 31. Nxc4 bxc4 32. Rxf7+ Nxf7 33. Rxf7+ Kxf7 34. Qxg5 Bd7 35. e5 Rxe5 36. Qxg6+ Kf8 37. Nxh5 Re7 38. Qxd6 Rae8 39. Bh7 Kf7 40. Qg6+ 1-0

[Event "Ohrid Lasker U18 op"]
[Site "Ohrid"]
[Date "2016.10.08"]
[Round "1"]
[White "Kote, Alex"]
[Black "Jovchev, Riste"]
[Result "0-1"]
[WhiteElo "1025"]
[BlackElo "1768"]
[PlyCount "80"]
[EventDate "2016.10.08"]
[EventType "swiss"]
[EventRounds "7"]
[EventCountry "MKD"]
[SourceTitle "CBM 175 Extra"]
[Source "ChessBase"]
[SourceDate "2016.12.12"]
[SourceVersion "1"]
[SourceVersionDate "2016.12.12"]
[SourceQuality "1"]

1. e4 c5 2. Nf3 d6 3. Bc4 Nc6 4. Nc3 Nf6 5. 0-0 a6 6. Re1 Bg4 7. h3 Bh5 8. Be2 e6 9. Nh2 Bxe2 10. Nxe2 Nxe4 11. d3 Nf6 12. Bg5 Be7 13. Bxf6 Bxf6 14. Rb1 0-0 15. Ng3 Be5 16. Re3 f5 17. Ngf1 Bf4 18. Re2 Nd4 19. Re1 Bxh2+ 20. Kxh2 e5 21. c3 Ne6 22. Qb3 Qd7 23. Rbd1 Kh8 24. Qd5 Nf4 25. Qf3 Qf7 26. d4 cxd4 27. cxd4 Ng6 28. g3 e4 29. Qa3 d5 30. Qc3 f4 31. g4 Rac8 32. Qb3 Nh4 33. Re2 Nf3+ 34. Kh1 Rc4 35. Qb6 Qf6 36. Qxf6 Rxf6 37. b3 Rc3 38. Nh2 Nxh2 39. Kxh2 Rh6 40. Kg1 Rcxh3 0-1

[Event "Skopje Karposh op"]
[Site "Skopje"]
[Date "2015.03.28"]
[Round "2"]
[White "Sevgi, Volkan"]
[Black "Jovchev, Riste"]
[Result "1-0"]
[WhiteElo "2122"]
[BlackElo "1803"]
[PlyCount "55"]
[EventDate "2015.03.27"]
[EventType "swiss"]
[EventRounds "9"]
[EventCountry "MKD"]
[SourceTitle "CBM 165 Extra"]
[Source "ChessBase"]
[SourceDate "2015.04.21"]
[SourceVersion "1"]
[SourceVersionDate "2015.04.21"]
[SourceQuality "1"]

1. e4 c5 2. c3 d5 3. exd5 Qxd5 4. d4 cxd4 5. cxd4 Nc6 6. Nf3 e6 7. Nc3 Qa5 8. Bc4 Nf6 9. 0-0 Be7 10. Re1 0-0 11. Bg5 Rd8 12. Qd2 Qb4 13. b3 a6 14. a3 Qd6 15. Bf4 Qd7 16. Na4 Nxd4 17. Nxd4 Qxd4 18. Qxd4 Rxd4 19. Be5 Rd8 20. Nb6 Ra7 21. Bb8 Ra8 22. Nxa8 Bd7 23. Nb6 Rxb8 24. Nxd7 Nxd7 25. b4 Nb6 26. Be2 Rc8 27. Bf3 Rc7 28. Rac1 1-0

[Event "Skopje Karposh op"]
[Site "Skopje"]
[Date "2015.03.27"]
[Round "1"]
[White "Jovchev, Riste"]
[Black "Nikolovski, Nikola"]
[Result "0-1"]
[WhiteElo "1803"]
[BlackElo "2332"]
[PlyCount "106"]
[EventDate "2015.03.27"]
[EventType "swiss"]
[EventRounds "9"]
[EventCountry "MKD"]
[SourceTitle "CBM 165 Extra"]
[Source "ChessBase"]
[SourceDate "2015.04.21"]
[SourceVersion "1"]
[SourceVersionDate "2015.04.21"]
[SourceQuality "1"]

1. e4 c5 2. Nf3 d6 3. d4 cxd4 4. Nxd4 Nf6 5. Nc3 Nc6 6. Be2 e5 7. Nb3 h6 8. Be3 Be6 9. 0-0 Be7 10. h3 0-0 11. f4 exf4 12. Bxf4 Qb6+ 13. Kh1 Ne5 14. Nd5 Bxd5 15. exd5 Ng6 16. Bh2 Nd7 17. c3 Bf6 18. Qc2 Be5 19. Bxe5 Ndxe5 20. Nd4 Ne7 21. Nf5 Nxf5 22. Rxf5 Qc5 23. Rd1 Rfe8 24. Rf4 Re7 25. Qd2 Rae8 26. Rdf1 b5 27. R4f2 Rb7 28. Rf4 Qb6 29. Qd4 Ng6 30. Qxb6 Rxb6 31. R4f2 Re7 32. Bd1 b4 33. c4 Ne5 34. b3 Nd3 35. Rd2 Nc5 36. Re2 Rbb7 37. Rfe1 Kf8 38. Bc2 Rxe2 39. Rxe2 Re7 40. Rxe7 Kxe7 41. Kg1 Kf6 42. Kf2 Ke5 43. Ke3 f5 44. g3 g5 45. Bb1 Nd7 46. Kd3 f4 47. gxf4+ Kxf4 48. a3 Nc5+ 49. Kc2 a5 50. axb4 axb4 51. Kb2 h5 52. Bc2 g4 53. hxg4 hxg4 0-1

[Event "Skopje Karposh op"]
[Site "Skopje"]
[Date "2014.04.05"]
[Round "9"]
[White "Grigoriadis, Mihail"]
[Black "Jovchev, Riste"]
[Result "1-0"]
[WhiteElo "1940"]
[BlackElo "1749"]
[PlyCount "67"]
[EventDate "2014.03.29"]
[EventType "swiss"]
[EventRounds "9"]
[EventCountry "MKD"]
[SourceTitle "CBM 159 Extra"]
[Source "ChessBase"]
[SourceDate "2014.04.24"]
[SourceVersion "1"]
[SourceVersionDate "2014.04.24"]
[SourceQuality "1"]

1. e4 c5 2. Nf3 d6 3. d4 cxd4 4. Nxd4 Nf6 5. Nc3 a6 6. Bc4 e5 7. Nde2 b5 8. Bb3 h6 9. f3 Bb7 10. Be3 Be7 11. Qd2 Nbd7 12. 0-0-0 Nc5 13. g4 Nxb3+ 14. axb3 Rc8 15. Ng3 b4 16. Nd5 Nxd5 17. exd5 Qa5 18. Kb1 g6 19. Rhe1 g5 20. h4 Kd7 21. Nf5 Qc7 22. Nxe7 Kxe7 23. hxg5 hxg5 24. Bxg5+ f6 25. Rxe5+ Kd7 26. Re2 fxg5 27. Qxg5 Rce8 28. Rde1 Rxe2 29. Qg7+ Kc8 30. Qxh8+ Qd8 31. Qxd8+ Kxd8 32. Rxe2 Bxd5 33. Re3 Kd7 34. f4 1-0

[Event "Skopje Karposh op"]
[Site "Skopje"]
[Date "2014.04.02"]
[Round "6"]
[White "Ilic, Slobodan S"]
[Black "Jovchev, Riste"]
[Result "1-0"]
[WhiteElo "2055"]
[BlackElo "1749"]
[PlyCount "89"]
[EventDate "2014.03.29"]
[EventType "swiss"]
[EventRounds "9"]
[EventCountry "MKD"]
[SourceTitle "CBM 159 Extra"]
[Source "ChessBase"]
[SourceDate "2014.04.24"]
[SourceVersion "1"]
[SourceVersionDate "2014.04.24"]
[SourceQuality "1"]

1. c4 e5 2. Nc3 Nf6 3. g3 Nc6 4. Bg2 Bc5 5. e3 d6 6. Nge2 Qe7 7. d3 Bf5 8. 0-0 0-0 9. d4 Bb6 10. a3 exd4 11. Nxd4 Bxd4 12. exd4 h6 13. h3 Rfe8 14. Kh2 Qd7 15. b4 a6 16. Be3 Ne4 17. Ne2 Ne7 18. Nf4 d5 19. c5 c6 20. Qb3 Bh7 21. a4 Nf5 22. Rae1 Nxe3 23. Qxe3 Nxc5 24. Qa3 Ne4 25. Qb2 Nd6 26. Qc3 g5 27. Nh5 Re6 28. Rxe6 Qxe6 29. Re1 Ne4 30. Bxe4 dxe4 31. d5 Qg6 32. Nf6+ Kh8 33. dxc6 bxc6 34. Rxe4 Rc8 35. Re7 Kg7 36. Nd7+ Kg8 37. Ne5 Qd6 38. Ra7 f6 39. Ng4 Bg6 40. Nxf6+ Kf8 41. Nh7+ Bxh7 42. Qh8+ Bg8 43. Qg7+ Ke8 44. Qxg8+ Qf8 45. Qe6+ 1-0

[Event "Skopje Karposh op"]
[Site "Skopje"]
[Date "2014.03.30"]
[Round "2"]
[White "Arizanov, Tome"]
[Black "Jovchev, Riste"]
[Result "0-1"]
[WhiteElo "2078"]
[BlackElo "1749"]
[PlyCount "36"]
[EventDate "2014.03.29"]
[EventType "swiss"]
[EventRounds "9"]
[EventCountry "MKD"]
[SourceTitle "CBM 159 Extra"]
[Source "ChessBase"]
[SourceDate "2014.04.24"]
[SourceVersion "1"]
[SourceVersionDate "2014.04.24"]
[SourceQuality "1"]

1. e4 c5 2. d4 cxd4 3. c3 dxc3 4. Nxc3 e5 5. Nf3 Nc6 6. Bc4 Bb4 7. Qd5 Qe7 8. Bg5 Nf6 9. Bxf6 Qxf6 10. 0-0 0-0 11. Nb5 d6 12. a3 Be6 13. Qd3 Bxc4 14. Qxc4 Ba5 15. Rfd1 Rfd8 16. b4 Bb6 17. a4 Rac8 18. a5 Nxa5 0-1

[Event "Skopje Karposh op"]
[Site "Skopje"]
[Date "2014.03.30"]
[Round "3"]
[White "Jovchev, Riste"]
[Black "Berisha, Enver"]
[Result "1-0"]
[WhiteElo "1749"]
[BlackElo "2236"]
[PlyCount "91"]
[EventDate "2014.03.29"]
[EventType "swiss"]
[EventRounds "9"]
[EventCountry "MKD"]
[SourceTitle "CBM 159 Extra"]
[Source "ChessBase"]
[SourceDate "2014.04.24"]
[SourceVersion "1"]
[SourceVersionDate "2014.04.24"]
[SourceQuality "1"]

1. e4 c5 2. Nf3 d6 3. d4 cxd4 4. Nxd4 Nc6 5. Be3 e5 6. Nb3 Nf6 7. Nc3 Be7 8. Be2 0-0 9. 0-0 a5 10. Bg5 a4 11. Bxf6 Bxf6 12. Nd2 Nd4 13. Bc4 Bd7 14. Ne2 Bg4 15. f3 Be6 16. Nxd4 Qb6 17. Kh1 Qxd4 18. c3 Qc5 19. b4 axb3 20. axb3 b5 21. Bxe6 fxe6 22. Qc2 d5 23. b4 Qc6 24. Nb3 Be7 25. exd5 exd5 26. Na5 Qc7 27. Qd3 Qd7 28. Rad1 Rad8 29. Rfe1 Bf6 30. Nb3 d4 31. cxd4 exd4 32. Nc5 Qc6 33. Ne6 Qc4 34. Nxf8 Rxf8 35. Qb1 Rd8 36. Rc1 Qf7 37. Qd3 Qh5 38. Rc5 Qg6 39. Qxg6 hxg6 40. Rd1 d3 41. Rd2 Re8 42. g3 Re1+ 43. Kg2 Rb1 44. Rxb5 Bc3 45. Rxd3 Bxb4 46. Rd8+ 1-0